000 00698nam a22000977a 4500
999 _c3078
_d3078
008 200803b ||||| |||| 00| 0 eng d
100 _aGoodkind, Henry
245 _a United States RF (French) overprints 1944-45, on air mail stamps and stationery
260 _aNew York
_bCollectors Club
_c1958
650 _aUnited States | Air Mail | France | Overprints and Surcharges -- RF | 1944-1945 | Errors and Varieties | Printing | Production | Postal Markings | Postal Markings -- Naval | Covers -- Naval | Postal History | Forgeries and Counterfeits | Covers | Bogus and Fraudulent | Censored Mail | World War II, 1939-1945 | Prices and Values | Catalogs and Price Lists | Rare Issues and Covers | Bibliographies